[Event "DVM U20 2007"]
[Site "Kelheim GER"]
[Date "2007.12.29"]
[Round "6"]
[White "Schmitt, Philipp"]
[Black "Siebarth, Raiko"]
[Result "0-1"]
[Termination "normal"]
[Board "8.1"]
[WhiteElo "2025"]
[BlackElo "2246"]
[WhiteTeam "SF Bad Mergentheim"]
[BlackTeam "SG Blau-Weiß Stadtilm"]
[PlyCount "116"]
[WhiteFideId "24641766"]
[BlackFideId "4674766"]
[EventCountry "GER"]
[EventRounds "7"]
[EventType "team-swiss"]
[EventDate "2007.12.26"]

1. Nf3 Nf6 2. g3 g6 3. Bg2 Bg7 4. d4 O-O 5. O-O d6 6. c4 Nc6 7. Nc3 a6 8. e4 e5
9. dxe5 dxe5 10. b3 Bg4 11. h3 Bxf3 12. Bxf3 Nd4 13. Bb2 b5 14. Nd5 c6 15.
Nxf6+ Qxf6 16. Bxd4 exd4 17. Qd3 bxc4 18. bxc4 h5 19. h4 Rab8 20. Rab1 Qe5 21.
Kg2 Qa5 22. Rxb8 Rxb8 23. Rb1 Re8 24. Rb2 Qc3 25. Rb3 Qxd3 26. Rxd3 Rb8 27. Rd2
c5 28. Be2 a5 29. Bd3 Rb4 30. Kf3 Bh6 31. Rc2 Rb1 32. Ke2 Bc1 33. Kf3 a4 34.
Re2 Ra1 35. Re1 Kf8 36. Bc2 a3 37. Bd3 Ke7 38. Rd1 Kd6 39. Rf1 Kc6 40. Re1 Rxa2
41. Rxc1 Rd2 42. Bc2 a2 43. Ba4+ Kb6 44. Be8 Rb2 45. Ra1 d3 46. Ba4 Ka5 47. Bb3
Rxb3 48. Rxa2+ Kb4 49. Ra7 Kxc4 50. Rxf7 Kc3 51. Rc7 c4 52. e5 d2 53. Ke2 Rb1
54. Rxc4+ Kxc4 55. Kxd2 Kd5 56. f4 Rg1 57. Ke3 Rxg3+ 58. Kf2 Rg4 0-1

[Event "DVM U20 2007"]
[Site "Kelheim GER"]
[Date "2007.12.29"]
[Round "6"]
[White "Schneider, Christian"]
[Black "Pfleger, Jochen"]
[Result "1-0"]
[Termination "normal"]
[Board "8.2"]
[WhiteElo "2064"]
[BlackElo "1888"]
[WhiteTeam "SG Blau-Weiß Stadtilm"]
[BlackTeam "SF Bad Mergentheim"]
[PlyCount "57"]
[WhiteFideId "24613886"]
[BlackFideId "24641634"]
[EventCountry "GER"]
[EventRounds "7"]
[EventType "team-swiss"]
[EventDate "2007.12.26"]

1. e4 e6 2. d3 d5 3. Qe2 Be7 4. Nd2 Nf6 5. Ngf3 c5 6. g3 Nc6 7. Bg2 O-O 8. O-O
Re8 9. e5 Nd7 10. Re1 b5 11. h4 f6 12. exf6 Bxf6 13. Nf1 e5 14. Ng5 Nb6 15. Qh5
h6 16. Nf7 Qe7 17. Nd6 Bg4 18. Qxg4 Qxd6 19. Bxh6 Nb4 20. Re2 c4 21. dxc4 bxc4
22. Ne3 Kh7 23. Bg5 e4 24. Bh3 g6 25. h5 Bxg5 26. Qxg5 Re5 27. hxg6+ Kg8 28.
Qh6 Qc7 29. Ng4 1-0

[Event "DVM U20 2007"]
[Site "Kelheim GER"]
[Date "2007.12.29"]
[Round "6"]
[White "Piven, Vladimir"]
[Black "Hoffmann, Lena"]
[Result "1-0"]
[Termination "normal"]
[Board "8.3"]
[WhiteElo "1829"]
[BlackElo "1876"]
[WhiteTeam "SF Bad Mergentheim"]
[BlackTeam "SG Blau-Weiß Stadtilm"]
[PlyCount "33"]
[WhiteFideId "4670272"]
[BlackFideId "24626597"]
[EventCountry "GER"]
[EventRounds "7"]
[EventType "team-swiss"]
[EventDate "2007.12.26"]

1. d4 d5 2. c4 e6 3. Nf3 Nf6 4. Bg5 Be7 5. Nc3 Nbd7 6. e3 O-O 7. Rc1 a6 8. Bd3
dxc4 9. Bxc4 b5 10. Bb3 Bb7 11. O-O Nb6 12. Qe2 Nfd5 13. Bxe7 Qxe7 14. Nxd5
Nxd5 15. Rc5 Nf6 16. Rfc1 Ne4 17. Rxc7 1-0

[Event "DVM U20 2007"]
[Site "Kelheim GER"]
[Date "2007.12.29"]
[Round "6"]
[White "Kinzel, Tiffany"]
[Black "Krebs, Alexander"]
[Result "0-1"]
[Termination "normal"]
[Board "8.4"]
[WhiteElo "1727"]
[BlackElo "1550"]
[WhiteTeam "SG Blau-Weiß Stadtilm"]
[BlackTeam "SF Bad Mergentheim"]
[PlyCount "92"]
[WhiteFideId "4633741"]
[BlackFideId "24670626"]
[EventCountry "GER"]
[EventRounds "7"]
[EventType "team-swiss"]
[EventDate "2007.12.26"]

1. Nc3 g6 2. e4 Bg7 3. d4 e6 4. Be3 Ne7 5. Bc4 O-O 6. Qd2 Re8 7. O-O-O d5 8.
exd5 Nxd5 9. Nxd5 exd5 10. Be2 Nc6 11. Nf3 Be6 12. Rdg1 Qd7 13. Bd1 b5 14. Ng5
a5 15. g4 a4 16. h4 f6 17. Nxe6 Rxe6 18. g5 Na5 19. gxf6 Rxf6 20. Bg5 Nc4 21.
Qd3 Rc6 22. h5 a3 23. b3 Nb2 24. Qe3 Nxd1 25. Kxd1 Qf5 26. Qd2 Re8 27. hxg6
Rxg6 28. Bh6 Qf3+ 29. Kc1 Re2 30. Qa5 Bxh6+ 31. Kb1 Qf6 32. Qxc7 Rxf2 33. Qb8+
Bf8 34. Qc7 Rxg1+ 35. Rxg1+ Kh8 36. Qe5 Qxe5 37. dxe5 Re2 38. Kc1 Rxe5 39. Kd2
h6 40. Kd3 Rg5 41. Re1 h5 42. Re8 Kg7 43. Rd8 b4 44. Ke3 Rf5 45. Kd4 h4 46. Rc8
h3 0-1

[Event "DVM U20 2007"]
[Site "Kelheim GER"]
[Date "2007.12.29"]
[Round "6"]
[White "Foß, David"]
[Black "George, Tom"]
[Result "0-1"]
[Termination "normal"]
[Board "8.5"]
[WhiteElo "1489"]
[BlackElo "1684"]
[WhiteTeam "SF Bad Mergentheim"]
[BlackTeam "SG Blau-Weiß Stadtilm"]
[PlyCount "87"]
[BlackFideId "24659487"]
[EventCountry "GER"]
[EventRounds "7"]
[EventType "team-swiss"]
[EventDate "2007.12.26"]

1. e4 c5 2. Nf3 d6 3. d4 cxd4 4. Nxd4 Nf6 5. Nc3 a6 6. Bd3 e5 7. Nf3 Be7 8. Be3
b5 9. O-O Bb7 10. a3 Nbd7 11. Nd2 d5 12. exd5 Nxd5 13. Nxd5 Bxd5 14. Be4 Nf6
15. Bxd5 Nxd5 16. Re1 O-O 17. Nb3 Rc8 18. Rc1 Nxe3 19. Qxd8 Rfxd8 20. fxe3 g6
21. Re2 Rd7 22. Rd2 Rxd2 23. Nxd2 f5 24. Kf2 Kf7 25. Ke2 Bg5 26. Nf3 Bf6 27. c3
a5 28. Rd1 Ke6 29. g3 a4 30. Rd3 g5 31. h3 h5 32. Rd1 g4 33. hxg4 hxg4 34. Ne1
Rh8 35. Ng2 Rh2 36. Kf2 Bg5 37. Re1 Kd5 38. Kg1 Rh3 39. Kf2 Ke4 40. Re2 Rh2 41.
Kg1 Kf3 42. Nh4+ Kxe2 43. Kxh2 Bxh4 44. gxh4 0-1

[Event "DVM U20 2007"]
[Site "Kelheim GER"]
[Date "2007.12.29"]
[Round "6"]
[White "Wolff, Christoph"]
[Black "Hoppe, Erich"]
[Result "0-1"]
[Termination "normal"]
[Board "8.6"]
[WhiteElo "1665"]
[BlackElo "1536"]
[WhiteTeam "SG Blau-Weiß Stadtilm"]
[BlackTeam "SF Bad Mergentheim"]
[PlyCount "116"]
[WhiteFideId "24659495"]
[BlackFideId "24659550"]
[EventCountry "GER"]
[EventRounds "7"]
[EventType "team-swiss"]
[EventDate "2007.12.26"]

1. e4 e6 2. c4 d5 3. exd5 exd5 4. cxd5 Qxd5 5. Nc3 Qd8 6. Nf3 Nf6 7. Bc4 Bc5 8.
d4 Bb6 9. O-O O-O 10. Bg5 Bg4 11. Nd5 Nbd7 12. Nxb6 Nxb6 13. Be2 Qd6 14. Qd3
Rfe8 15. Rfe1 Ne4 16. h4 Nd5 17. Rad1 Re6 18. Nd2 Nef6 19. Bf3 Bxf3 20. Rxe6
Qxe6 21. Nxf3 Qb6 22. b3 Nb4 23. Qc4 Nbd5 24. Bxf6 Nxf6 25. Ne5 Rf8 26. Rc1 c6
27. Qc5 Qa6 28. Rc2 Nd5 29. Qc4 Qa5 30. Qe2 Re8 31. Qf3 Qe1+ 32. Kh2 f6 33. Re2
Qd1 34. Nxc6 Qxe2 35. Qxd5+ Qe6 36. Qxe6+ Rxe6 37. Nxa7 Re2 38. a3 Rxf2 39. b4
Rf4 40. Nb5 Rxh4+ 41. Kg3 Re4 42. Kf3 Re1 43. d5 Kf8 44. Nd6 Ra1 45. Nb5 Ke8
46. Ke4 Kd7 47. Kd4 Ra2 48. g3 Rg2 49. Kc5 Rxg3 50. Kb6 h5 51. Kxb7 h4 52. a4
h3 53. a5 h2 54. a6 h1=Q 55. a7 Qxd5+ 56. Kb8 Qxb5+ 57. Ka8 Qa6 58. b5 Qc8# 0-1

[Event "DVM U20 2007"]
[Site "Kelheim GER"]
[Date "2007.12.30"]
[Round "7"]
[White "Baldauf, Marco"]
[Black "Huschenbeth, Niclas"]
[Result "0-1"]
[Termination "normal"]
[Board "1.1"]
[WhiteElo "2236"]
[BlackElo "2318"]
[WhiteTeam "SGem Pang/Rosenheim"]
[BlackTeam "Hamburger SK"]
[PlyCount "58"]
[WhiteFideId "4688210"]
[BlackFideId "24604747"]
[EventCountry "GER"]
[EventRounds "7"]
[EventType "team-swiss"]
[EventDate "2007.12.26"]

1. e4 c5 2. Nf3 d6 3. d4 cxd4 4. Nxd4 Nf6 5. Nc3 Nc6 6. f3 e5 7. Nb3 Be6 8. Nd5
Be7 9. c4 O-O 10. Be2 a5 11. Be3 Nd7 12. Qd2 a4 13. Nc1 Nc5 14. Nd3 f5 15. exf5
Bxd5 16. cxd5 Nd4 17. Nf2 Nxf5 18. Bxc5 Bg5 19. Qd3 dxc5 20. O-O Be3 21. Qe4
Bd4 22. Kh1 Ne3 23. Nd3 Qg5 24. f4 exf4 25. Rxf4 Rfe8 26. Qf3 Qxg2+ 27. Qxg2
Nxg2 28. Kxg2 Rxe2+ 29. Kg3 a3 0-1

[Event "DVM U20 2007"]
[Site "Kelheim GER"]
[Date "2007.12.30"]
[Round "7"]
[White "Bracker, Frank"]
[Black "Lindenberg, Georg"]
[Result "1-0"]
[Termination "normal"]
[Board "1.2"]
[WhiteElo "2214"]
[BlackElo "2135"]
[WhiteTeam "Hamburger SK"]
[BlackTeam "SGem Pang/Rosenheim"]
[PlyCount "85"]
[WhiteFideId "24614343"]
[BlackFideId "24612170"]
[EventCountry "GER"]
[EventRounds "7"]
[EventType "team-swiss"]
[EventDate "2007.12.26"]

1. e4 c5 2. Nf3 e6 3. d4 cxd4 4. Nxd4 Bc5 5. Nc3 Qb6 6. Na4 Qa5+ 7. c3 Bxd4 8.
Qxd4 Nf6 9. Nc5 Nc6 10. Qd6 b6 11. Nb3 Nxe4 12. Qxc6 dxc6 13. Nxa5 bxa5 14. Be3
O-O 15. O-O-O e5 16. f3 Nf6 17. Rd6 Bb7 18. c4 Rfd8 19. Rxd8+ Rxd8 20. Bxa7 Nd7
21. Bf2 c5 22. Be2 Kf8 23. Rd1 Ke7 24. Bd3 Ke6 25. Kc2 Ra8 26. Bf5+ Kxf5 27.
Rxd7 Ba6 28. Kc3 Ke6 29. Rc7 g5 30. a4 Rc8 31. Rxc5 Rxc5 32. Bxc5 f5 33. b3 Bb7
34. Kd2 h5 35. Bb6 g4 36. Ke2 f4 37. Bxa5 Bc6 38. Bc7 Kf5 39. a5 e4 40. fxg4+
hxg4 41. a6 f3+ 42. gxf3 exf3+ 43. Ke3 1-0

[Event "DVM U20 2007"]
[Site "Kelheim GER"]
[Date "2007.12.30"]
[Round "7"]
[White "Berchtenbreiter, Maximilian"]
[Black "Möller, Hendrik"]
[Result "1-0"]
[Termination "normal"]
[Board "1.3"]
[WhiteElo "2030"]
[BlackElo "2180"]
[WhiteTeam "SGem Pang/Rosenheim"]
[BlackTeam "Hamburger SK"]
[PlyCount "85"]
[WhiteFideId "24641120"]
[BlackFideId "24604917"]
[EventCountry "GER"]
[EventRounds "7"]
[EventType "team-swiss"]
[EventDate "2007.12.26"]

1. d4 Nf6 2. c4 e6 3. Nf3 Bb4+ 4. Bd2 Qe7 5. g3 Nc6 6. Bg2 Bxd2+ 7. Nbxd2 d6 8.
O-O a5 9. e4 e5 10. d5 Nb8 11. Ne1 O-O 12. Nd3 Bg4 13. Qe1 Na6 14. h3 Bd7 15.
f4 b5 16. Qe3 Nb4 17. fxe5 dxe5 18. Nxb4 axb4 19. c5 Ra4 20. c6 Bc8 21. Nb3 Ne8
22. Nc5 Ra8 23. Rfc1 Nd6 24. Qb3 Qg5 25. Kh2 h5 26. Qxb4 Rxa2 27. Rxa2 Qxc1 28.
Qc3 Qxc3 29. bxc3 f5 30. exf5 Bxf5 31. Re2 Nc4 32. Ne6 Rf7 33. Ra2 Bxe6 34.
dxe6 Re7 35. Ra8+ Kh7 36. Rd8 Rxe6 37. Be4+ Kh6 38. h4 g6 39. Rd7 Ne3 40. Rxc7
Rf6 41. Rc8 Rf2+ 42. Kh3 Ng4 43. Bg2 1-0

[Event "DVM U20 2007"]
[Site "Kelheim GER"]
[Date "2007.12.30"]
[Round "7"]
[White "Bracker, Arne"]
[Black "Heigermoser, Robert"]
[Result "1/2-1/2"]
[Termination "normal"]
[Board "1.4"]
[WhiteElo "2136"]
[BlackElo "2059"]
[WhiteTeam "Hamburger SK"]
[BlackTeam "SGem Pang/Rosenheim"]
[PlyCount "171"]
[WhiteFideId "24618160"]
[BlackFideId "24619132"]
[EventCountry "GER"]
[EventRounds "7"]
[EventType "team-swiss"]
[EventDate "2007.12.26"]

1. e4 c5 2. Nf3 d6 3. d4 cxd4 4. Nxd4 Nf6 5. Nc3 a6 6. Bg5 e6 7. f4 Nc6 8. e5
h6 9. Bh4 g5 10. fxg5 Nd5 11. Nxd5 exd5 12. exd6 Bxd6 13. Nxc6 bxc6 14. Qd4
Qe7+ 15. Be2 Be5 16. Qa4 Rb8 17. g6 Qb4+ 18. Qxb4 Rxb4 19. gxf7+ Kxf7 20. O-O+
Kg7 21. Bf2 Rf8 22. Bc5 Rxf1+ 23. Rxf1 Rxb2 24. Bf8+ Kg8 25. Bxh6 Bd4+ 26. Kh1
Bg7 27. Bxg7 Kxg7 28. Bd3 Rxa2 29. h3 a5 30. Kh2 a4 31. h4 a3 32. g4 c5 33. h5
c4 34. Bg6 Bxg4 35. Kg3 Bxh5 36. Bxh5 Rxc2 37. Ra1 a2 38. Bf3 d4 39. Bd5 c3 40.
Bb3 Rb2 41. Bxa2 Rxa2 42. Rxa2 d3 43. Kf3 c2 44. Ra7+ Kf6 45. Rc7 d2 46. Rxc2
d1=Q+ 47. Re2 Kf5 48. Ke3 Ke5 49. Kf3+ Kd4 50. Kf2 Qh1 51. Rd2+ Ke4 52. Ke2
Qf3+ 53. Ke1 Qc3 54. Kd1 Ke3 55. Re2+ Kf3 56. Rf2+ Kg3 57. Re2 Qa1+ 58. Kd2 Kf3
59. Re3+ Kf4 60. Rc3 Qb2+ 61. Kd3 Ke5 62. Rc5+ Kd6 63. Rc2 Qb3+ 64. Rc3 Qd1+
65. Ke3 Qe1+ 66. Kd3 Kd5 67. Kc2 Kd4 68. Rd3+ Kc4 69. Rd2 Qa1 70. Re2 Kd4 71.
Rd2+ Kc4 72. Rd8 Qc3+ 73. Kd1 Qf3+ 74. Kc2 Qb3+ 75. Kc1 Qe3+ 76. Kd1 Qf3+ 77.
Kc2 Qf5+ 78. Kd1 Qh5+ 79. Kc2 Qg6+ 80. Kd1 Qh5+ 81. Kc2 Qg6+ 82. Kd1 Qg4+ 83.
Kc2 Qe4+ 84. Kd1 Qb1+ 85. Ke2 Qe4+ 86. Kd1 1/2-1/2

[Event "DVM U20 2007"]
[Site "Kelheim GER"]
[Date "2007.12.30"]
[Round "7"]
[White "Baldauf, Manuel"]
[Black "Held, Florian"]
[Result "1/2-1/2"]
[Termination "normal"]
[Board "1.5"]
[WhiteElo "1789"]
[BlackElo "2051"]
[WhiteTeam "SGem Pang/Rosenheim"]
[BlackTeam "Hamburger SK"]
[PlyCount "81"]
[WhiteFideId "4648528"]
[BlackFideId "24629090"]
[EventCountry "GER"]
[EventRounds "7"]
[EventType "team-swiss"]
[EventDate "2007.12.26"]

1. b3 e5 2. Bb2 Nc6 3. e3 Nf6 4. c4 Be7 5. d3 O-O 6. Nf3 d6 7. Be2 e4 8. dxe4
Nxe4 9. O-O Bf6 10. Bxf6 Qxf6 11. Nd4 Bd7 12. Bf3 Ng5 13. Bxc6 bxc6 14. Nd2
Rfe8 15. Qc2 h5 16. Qd3 h4 17. f4 Ne6 18. Nxe6 Bxe6 19. e4 Bg4 20. h3 Be6 21.
Rae1 a5 22. Rf3 Red8 23. Qc3 Qh6 24. Nf1 f5 25. exf5 Bxf5 26. Ne3 Be4 27. Ng4
Qg6 28. Rfe3 d5 29. Qd4 Rf8 30. Rf1 Qd6 31. c5 Qg6 32. Rf2 Rae8 33. Ne5 Qe6 34.
Ree2 g5 35. Nf3 gxf4 36. Ng5 Qf5 37. Nxe4 dxe4 38. Qc4+ Kg7 39. Qd4+ Kg6 40.
Qa4 Re6 41. Qxa5 1/2-1/2

[Event "DVM U20 2007"]
[Site "Kelheim GER"]
[Date "2007.12.30"]
[Round "7"]
[White "Aulich, Marcell"]
[Black "Werthebach, Felix"]
[Result "1/2-1/2"]
[Termination "normal"]
[Board "2.1"]
[WhiteElo "1996"]
[BlackElo "2164"]
[WhiteTeam "SF Brackel"]
[BlackTeam "SG Bochum"]
[PlyCount "33"]
[WhiteFideId "24631981"]
[BlackFideId "24609684"]
[EventCountry "GER"]
[EventRounds "7"]
[EventType "team-swiss"]
[EventDate "2007.12.26"]

1. e4 c5 2. c3 Nf6 3. e5 Nd5 4. d4 cxd4 5. Nf3 e6 6. cxd4 d6 7. Bc4 Nc6 8. O-O
Be7 9. Nc3 Nxc3 10. bxc3 dxe5 11. dxe5 Qa5 12. Qe2 O-O 13. Qe4 Qa4 14. Bg5 h6
15. Bxe7 Nxe7 16. Bd3 Qxe4 17. Bxe4 1/2-1/2

[Event "DVM U20 2007"]
[Site "Kelheim GER"]
[Date "2007.12.30"]
[Round "7"]
[White "Pilat, Daniel"]
[Black "Zemella, Christian"]
[Result "1-0"]
[Termination "normal"]
[Board "2.2"]
[WhiteElo "2120"]
[BlackElo "2092"]
[WhiteTeam "SG Bochum"]
[BlackTeam "SF Brackel"]
[PlyCount "79"]
[WhiteFideId "24602116"]
[BlackFideId "24620580"]
[EventCountry "GER"]
[EventRounds "7"]
[EventType "team-swiss"]
[EventDate "2007.12.26"]

1. e4 c5 2. Nf3 d6 3. c3 Nf6 4. h3 e6 5. Bd3 Be7 6. O-O Qc7 7. Bc2 O-O 8. d4 e5
9. dxe5 dxe5 10. Qe2 b5 11. a4 b4 12. Nbd2 Nc6 13. Nc4 Rd8 14. Ne3 Bf8 15. Nd5
Nxd5 16. exd5 Ne7 17. c4 Ng6 18. Re1 Re8 19. Be4 Bd6 20. Qc2 Qd7 21. g4 a5 22.
b3 Ra7 23. Bd2 Kh8 24. Bf5 Qd8 25. Bg5 Bxf5 26. gxf5 f6 27. fxg6 fxg5 28. Nh2
Qf6 29. Ng4 Qf3 30. Re3 Qf4 31. Rae1 h6 32. Re4 Qf8 33. Nxe5 Bxe5 34. Rxe5 Rd8
35. Qe4 Raa8 36. Re7 Qf6 37. Re8+ Rxe8 38. Qxe8+ Qf8 39. Qxf8+ Rxf8 40. d6 1-0

[Event "DVM U20 2007"]
[Site "Kelheim GER"]
[Date "2007.12.30"]
[Round "7"]
[White "Strathoff, Martin"]
[Black "Mazarov, Jürgen"]
[Result "0-1"]
[Termination "normal"]
[Board "2.3"]
[WhiteElo "2026"]
[BlackElo "2094"]
[WhiteTeam "SF Brackel"]
[BlackTeam "SG Bochum"]
[PlyCount "50"]
[WhiteFideId "24609560"]
[BlackFideId "24617768"]
[EventCountry "GER"]
[EventRounds "7"]
[EventType "team-swiss"]
[EventDate "2007.12.26"]

1. d4 d5 2. c4 dxc4 3. Nf3 Nf6 4. e3 e6 5. Bxc4 c5 6. O-O a6 7. a4 b6 8. Nc3
Bb7 9. Qe2 Be7 10. dxc5 Bxc5 11. Rd1 Qc7 12. h3 Nbd7 13. e4 Ne5 14. Bb3 Nxf3+
15. Qxf3 O-O 16. Bg5 Nd7 17. Qg4 Kh8 18. Bf4 Qc6 19. e5 f5 20. exf6 Nxf6 21.
Qg5 Ng4 22. Nd5 Nxf2 23. Kh2 Rf5 24. Qg3 Nxd1 25. Rxd1 exd5 0-1

[Event "DVM U20 2007"]
[Site "Kelheim GER"]
[Date "2007.12.30"]
[Round "7"]
[White "Hobusch, Alexander"]
[Black "Luft, Dennis"]
[Result "0-1"]
[Termination "normal"]
[Board "2.4"]
[WhiteElo "2011"]
[BlackElo "1943"]
[WhiteTeam "SG Bochum"]
[BlackTeam "SF Brackel"]
[PlyCount "30"]
[WhiteFideId "24611387"]
[BlackFideId "24623717"]
[EventCountry "GER"]
[EventRounds "7"]
[EventType "team-swiss"]
[EventDate "2007.12.26"]

1. d4 d5 2. Nf3 Nf6 3. c4 e6 4. Nc3 c5 5. cxd5 cxd4 6. Qxd4 exd5 7. Be3 Nc6 8.
Qd2 Bb4 9. O-O-O Bf5 10. Nh4 Bxc3 11. Qxc3 Rc8 12. Bc5 Be6 13. Kb1 d4 14. Qd3
Qd5 15. Qa3 Qe4+ 0-1

[Event "DVM U20 2007"]
[Site "Kelheim GER"]
[Date "2007.12.30"]
[Round "7"]
[White "Heyden, Jonas"]
[Black "Zeldin, Leonid"]
[Result "1/2-1/2"]
[Termination "normal"]
[Board "2.5"]
[WhiteElo "2125"]
[BlackElo "2044"]
[WhiteTeam "SF Brackel"]
[BlackTeam "SG Bochum"]
[PlyCount "33"]
[WhiteFideId "24638510"]
[BlackFideId "24636088"]
[EventCountry "GER"]
[EventRounds "7"]
[EventType "team-swiss"]
[EventDate "2007.12.26"]

1. e4 c5 2. c4 d6 3. Ne2 e5 4. Nbc3 Nc6 5. d3 Be6 6. g3 Qd7 7. Bg2 O-O-O 8. Be3
h5 9. h4 Kb8 10. Qa4 Nd4 11. Qxd7 Bxd7 12. Rc1 Ne7 13. O-O Nec6 14. Bxd4 Nxd4
15. Nxd4 cxd4 16. Nd5 Be6 17. f4 1/2-1/2

[Event "DVM U20 2007"]
[Site "Kelheim GER"]
[Date "2007.12.30"]
[Round "7"]
[White "Orhan, Zilan"]
[Black "Schroelkamp, Carsten"]
[Result "0-1"]
[Termination "normal"]
[Board "2.6"]
[WhiteElo "1955"]
[BlackElo "1728"]
[WhiteTeam "SG Bochum"]
[BlackTeam "SF Brackel"]
[PlyCount "92"]
[WhiteFideId "24624640"]
[BlackFideId "24659401"]
[EventCountry "GER"]
[EventRounds "7"]
[EventType "team-swiss"]
[EventDate "2007.12.26"]

1. d4 d5 2. Nf3 Nf6 3. e3 c6 4. c4 e6 5. Nc3 Nbd7 6. Bd3 Bd6 7. O-O O-O 8. e4
dxe4 9. Nxe4 Nxe4 10. Bxe4 c5 11. Be3 Nf6 12. Bc2 cxd4 13. Bxd4 Qc7 14. Qe2 Re8
15. Ne5 b6 16. Rfe1 Bb7 17. b3 Rad8 18. Rad1 Bb4 19. Rf1 Rxd4 20. Rxd4 Bc3 21.
Qd3 Bxd4 22. Qxd4 Rd8 23. Qe3 Qd6 24. h3 Qa3 25. Qe2 g6 26. Bb1 Qa5 27. Nd3 Qg5
28. f4 Qg3 29. Ne1 Qc3 30. Nf3 Nh5 31. Qe5 Qxe5 32. fxe5 Ng3 33. Re1 Bxf3 34.
gxf3 Rd2 35. a3 Ne2+ 36. Kf2 Nc3+ 37. Ke3 Rb2 38. Rc1 Nxb1 39. b4 Rb3+ 40. Kd4
Nxa3 41. Rc3 Rxc3 42. Kxc3 Nxc4 43. Kxc4 a6 44. b5 a5 45. f4 Kg7 46. h4 Kh6 0-1

[Event "DVM U20 2007"]
[Site "Kelheim GER"]
[Date "2007.12.30"]
[Round "7"]
[White "Ohme, Melanie"]
[Black "Billing, Christian"]
[Result "1/2-1/2"]
[Termination "normal"]
[Board "3.1"]
[WhiteTitle "WFM"]
[WhiteElo "2274"]
[BlackElo "2150"]
[WhiteTeam "SC Leipzig-Gohlis"]
[BlackTeam "SC Dillingen"]
[PlyCount "98"]
[WhiteFideId "4690745"]
[BlackFideId "4697294"]
[EventCountry "GER"]
[EventRounds "7"]
[EventType "team-swiss"]
[EventDate "2007.12.26"]

1. e4 e5 2. Bc4 Nf6 3. d3 Nc6 4. Nf3 Be7 5. O-O d6 6. c3 O-O 7. Bb3 Be6 8. Bc2
d5 9. Qe2 dxe4 10. dxe4 Nd7 11. Rd1 Qe8 12. Ng5 Bxg5 13. Bxg5 f6 14. Be3 Qf7
15. Nd2 Rfd8 16. Bb3 Nb6 17. Bxe6 Qxe6 18. Nb3 Qc4 19. Qg4 Na4 20. Rd7 Rxd7 21.
Qxd7 Qf7 22. Qd2 Rd8 23. Qc2 Qd7 24. Nd2 Nb6 25. a4 Na5 26. b4 Nac4 27. Nxc4
Nxc4 28. Qb3 Qf7 29. Bxa7 b6 30. a5 Ra8 31. axb6 cxb6 32. Qa4 Nd6 33. h3 Qc7
34. Qb3+ Qc4 35. Qd1 Nxe4 36. Bxb6 Rxa1 37. Qxa1 Nxc3 38. Bc5 Ne2+ 39. Kh2 Qd5
40. Be3 Nd4 41. Qa7 h6 42. Qa5 Nb5 43. h4 Kh7 44. g3 Qc4 45. h5 Qe2 46. Kg2 e4
47. Qa8 Qf3+ 48. Kg1 Qd1+ 49. Kg2 Qf3+ 1/2-1/2

[Event "DVM U20 2007"]
[Site "Kelheim GER"]
[Date "2007.12.30"]
[Round "7"]
[White "Nuber, Korbinian"]
[Black "Hentze, Markus"]
[Result "1-0"]
[Termination "normal"]
[Board "3.2"]
[WhiteElo "2133"]
[BlackElo "1932"]
[WhiteTeam "SC Dillingen"]
[BlackTeam "SC Leipzig-Gohlis"]
[PlyCount "119"]
[WhiteFideId "24607231"]
[BlackFideId "4670922"]
[EventCountry "GER"]
[EventRounds "7"]
[EventType "team-swiss"]
[EventDate "2007.12.26"]

1. e4 e5 2. Nf3 Nc6 3. Bc4 d6 4. d4 exd4 5. Nxd4 Bd7 6. Nc3 Nf6 7. f3 a6 8. Be3
Nxd4 9. Qxd4 Be7 10. O-O O-O 11. Rad1 Qc8 12. Rfe1 Bc6 13. Bg5 h6 14. Bh4 g5
15. Bf2 Nd7 16. Bd5 Ne5 17. Bxc6 bxc6 18. b3 Bf6 19. Qd2 Ng6 20. Ne2 Kh7 21.
Ng3 Be5 22. Nf5 Qd8 23. Bd4 Qf6 24. Qa5 Rfc8 25. Qc3 c5 26. Bxe5 Nxe5 27. Qe3
Re8 28. h3 Ng6 29. Qd3 Nf4 30. Qc4 Rf8 31. Ne3 Qe5 32. Ng4 Qe6 33. Qc3 f6 34.
h4 Kg6 35. g3 Nh5 36. Kh2 Ng7 37. Qd3 f5 38. exf5+ Qxf5 39. hxg5 Qxd3 40. Rxd3
hxg5 41. Rde3 Rae8 42. Kg2 a5 43. Rxe8 Rxe8 44. Rxe8 Nxe8 45. Ne3 Nf6 46. Nc4
Nd5 47. a4 Nb4 48. Nxa5 Nxc2 49. Nc6 Ne3+ 50. Kf2 Nd5 51. a5 Kf6 52. a6 Ke6 53.
a7 Nb6 54. Ke3 d5 55. Kd3 c4+ 56. bxc4 dxc4+ 57. Kd4 Kd6 58. Na5 c5+ 59. Ke4 c3
60. Nc4+ 1-0

[Event "DVM U20 2007"]
[Site "Kelheim GER"]
[Date "2007.12.30"]
[Round "7"]
[White "Dück, Stefan"]
[Black "Nuber, Blasius"]
[Result "1/2-1/2"]
[Termination "normal"]
[Board "3.3"]
[WhiteElo "2029"]
[BlackElo "2055"]
[WhiteTeam "SC Leipzig-Gohlis"]
[BlackTeam "SC Dillingen"]
[PlyCount "120"]
[WhiteFideId "4681355"]
[BlackFideId "24620289"]
[EventCountry "GER"]
[EventRounds "7"]
[EventType "team-swiss"]
[EventDate "2007.12.26"]

1. Nf3 d5 2. g3 Nf6 3. Bg2 c5 4. d3 Nc6 5. O-O e5 6. Bg5 Be7 7. Nfd2 O-O 8. Nc3
Be6 9. Bxf6 Bxf6 10. e4 dxe4 11. dxe4 Be7 12. Nd5 b5 13. a4 a6 14. axb5 axb5
15. c3 Rxa1 16. Qxa1 Qa8 17. Nc7 Qxa1 18. Rxa1 Rd8 19. Nd5 Bf8 20. Nf1 Rc8 21.
Nfe3 c4 22. Ra6 Bc5 23. Kf1 Kf8 24. Ke2 Ke8 25. f4 f6 26. Bf3 Kd7 27. Nb6+ Bxb6
28. Rxb6 Rb8 29. Rxb8 Nxb8 30. fxe5 fxe5 31. Nf5 Bxf5 32. exf5 Na6 33. g4 Nc5
34. g5 Kd6 35. f6 gxf6 36. gxf6 Ne6 37. Ke3 Nc5 38. f7 Ke7 39. Bc6 Kxf7 40.
Bxb5 Ke7 41. Bxc4 Na4 42. Kd2 Nxb2 43. Bb3 e4 44. Ke3 Nd3 45. Bc2 Ne5 46. Kxe4
Kf6 47. Kf4 h6 48. Be4 Nc4 49. Bd5 Nd2 50. h3 Nb1 51. c4 Nc3 52. Bc6 Ke6 53. c5
Ne2+ 54. Kg4 Nd4 55. Ba4 Kf6 56. Bd7 Ke7 57. Bc8 Kf6 58. Kh5 Nb3 59. c6 Nd4 60.
Bd7 Nxc6 1/2-1/2

[Event "DVM U20 2007"]
[Site "Kelheim GER"]
[Date "2007.12.30"]
[Round "7"]
[White "Nuber, Helene"]
[Black "Hänse, Felix"]
[Result "0-1"]
[Termination "normal"]
[Board "3.4"]
[WhiteElo "2072"]
[BlackElo "1727"]
[WhiteTeam "SC Dillingen"]
[BlackTeam "SC Leipzig-Gohlis"]
[PlyCount "80"]
[WhiteFideId "24613045"]
[EventCountry "GER"]
[EventRounds "7"]
[EventType "team-swiss"]
[EventDate "2007.12.26"]

1. e4 c5 2. d3 d6 3. Be3 Nf6 4. g3 g6 5. Bg2 Ng4 6. Bc1 Bg7 7. h3 Nf6 8. Nf3
Nc6 9. O-O O-O 10. Nc3 Rb8 11. Ne2 b6 12. Nh2 Nd4 13. f4 Nh5 14. Kf2 Nxe2 15.
Qxe2 Bd4+ 16. Kf3 f5 17. c3 Ba6 18. cxd4 fxe4+ 19. Kf2 Bxd3 20. Qe3 d5 21. Ng4
Bxf1 22. Bxf1 g5 23. Ke1 gxf4 24. gxf4 e6 25. Qf2 cxd4 26. Qxd4 Qh4+ 27. Kd1
Nxf4 28. Qe5 Qh5 29. Bxf4 Qxe5 30. Nxe5 Rxf4 31. Be2 Rc8 32. Rc1 Rxc1+ 33. Kxc1
Kg7 34. Kd2 Kf6 35. Nd7+ Ke7 36. Ne5 Kd6 37. Ng4 d4 38. Bc4 h5 39. Nh6 Rf6 40.
Ng8 Rg6 0-1